[Event "Phillips & Drew Kings"]
[Site "London ENG"]
[Date "1980.04.10"]
[EventDate "1980.04.10"]
[Round "1"]
[Result "1-0"]
[White "Gheorghiu, Florin"]
[Black "Andersson, Ulf"]
[WhiteElo "2605"]
[BlackElo "2590"]
[PlyCount "63"]

1.d4 Nf6 2.c4 e6 3.Nf3 b6 4.a3 Bb7 5.Nc3 Ne4 6.Nxe4 Bxe4 7.e3
c5 8.Bd3 Bxd3 9.Qxd3 cxd4 10.Qxd4 Nc6 11.Qd3 Be7 12.e4 Qc7
13.O-O O-O 14.b3 a6 15.Rd1 Ra7 16.g3 Rc8 17.Bf4 Qd8 18.b4 h6
19.Rac1 Rb7 20.b5 axb5 21.cxb5 Na5 22.Ne5 Rxc1 23.Rxc1 Bc5
24.Nc6 Qa8 25.Nb4 Qf8 26.Na6 Bxa3 27.Rc7 Rxc7 28.Bxc7 Qe7
29.Bxb6 Nb7 30.Bc7 Bc5 31.Nxc5 Nxc5 32.Bd6 1-0

[Event "Phillips & Drew Kings"]
[Site "London ENG"]
[Date "1980.04.10"]
[EventDate "1980.04.10"]
[Round "1"]
[Result "1-0"]
[White "Kortschnoj, Viktor"]
[Black "Ljubojevic, Ljubomir"]
[WhiteElo "2695"]
[BlackElo "2590"]
[PlyCount "73"]

1. d4 Nf6 2. c4 e6 3. Nf3 d5 4. Bg5 c6 5. Qc2 Nbd7 6. Nbd2 Qa5
7. Bxf6 Nxf6 8. g3 Ne4 9. Bg2 Bb4 10. a3 e5 11. cxd5 Bf5
12. O-O Bxd2 13. Nh4 Nxg3 14. Nxf5 Nxf1 15. dxc6 O-O 16. cxb7
Rab8 17. Ne7+ Kh8 18. Rxf1 Bh6 19. Qc5 Qb6 20. Nc8 Qxc5
21. dxc5 Rfxc8 22. bxc8=Q+ Rxc8 23. Rd1 Bg5 24. b4 Rd8 25. Bd5
e4 26. e3 Bf6 27. Kf1 Be5 28. Ke2 f5 29. h3 g6 30. Bc4 Rxd1
31. Kxd1 Kg7 32. Kc2 Kf6 33. Kb3 h5 34. Ka4 Ke7 35. Kb5 Bb2
36. Ka6 Bxa3 37. c6 1-0

[Event "Phillips & Drew Kings"]
[Site "London ENG"]
[Date "1980.04.10"]
[EventDate "1980.04.10"]
[Round "1"]
[Result "1/2-1/2"]
[White "Miles, Anthony John"]
[Black "Short, Nigel David"]
[WhiteElo "2545"]
[BlackElo "2360"]
[PlyCount "138"]

1.d4 e6 2.Nf3 Nf6 3.c4 b6 4.a3 Ba6 5.e3 d5 6.Nbd2 Be7 7.b4 O-O
8.Bb2 c5 9.dxc5 bxc5 10.b5 Bb7 11.Be2 Nbd7 12.O-O Ne4 13.cxd5
Nxd2 14.Qxd2 exd5 15.a4 Nf6 16.a5 Ne4 17.Qc2 Rc8 18.Nd2 f5
19.Rfd1 Qd6 20.f3 Qh6 21.Nf1 Nd6 22.Be5 Rfe8 23.Bxd6 Bxd6
24.a6 Ba8 25.Qxf5 Bxh2+ 26.Kf2 Qh4+ 27.g3 Bxg3+ 28.Kg2 Be5
29.Rac1 c4 30.Rc2 Rcd8 31.Qh3 Qe7 32.Kf2 Bc7 33.e4 Bb6+ 34.Ke1
dxe4 35.Bxc4+ Kh8 36.f4 Qb4+ 37.Ke2 Rxd1 38.Kxd1 Ba5 39.Qe3
Rd8+ 40.Kc1 Bb6 41.Qc3 Qd6 42.Ne3 Bd4 43.Qb3 Qxf4 44.Re2 Qe5
45.Kb1 Rf8 46.Qd1 Qc5 47.Qb3 Rf3 48.Rd2 g6 49.b6 axb6 50.Qa4
Rf8 51.Nc2 Bg7 52.Qb3 Bc6 53.Rd1 Qe5 54.a7 Ba4 55.Qa3 Rc8
56.Ne3 Qa5 57.Rc1 h5 58.Bd5 Rxc1+ 59.Qxc1 Qxa7 60.Qc8+ Kh7
61.Nf5 Be8 62.Nxg7 Qd7 63.Qxe8 Qxd5 64.Ne6 Qb3+ 65.Kc1 Qc3+
66.Kd1 Qf6 67.Ng5+ Qxg5 68.Qf7+ Kh8 69.Qf8+ Kh7 1/2-1/2

[Event "Phillips & Drew Kings"]
[Site "London ENG"]
[Date "1980.04.10"]
[EventDate "1980.04.10"]
[Round "1"]
[Result "1/2-1/2"]
[White "Stean, Michael Francis"]
[Black "Nunn, John Denis Martin"]
[WhiteElo "2530"]
[BlackElo "2515"]
[PlyCount "41"]

1.c4 e5 2.Nc3 Nf6 3.Nf3 Nc6 4.g3 Nd4 5.Bg2 Nxf3+ 6.Bxf3 Bc5
7.O-O O-O 8.e3 d6 9.d4 Bb4 10.Qb3 Bxc3 11.Qxc3 e4 12.Bg2 Bg4
13.d5 Qd7 14.b3 Qf5 15.Bb2 Rfe8 16.Rfe1 h5 17.Qc2 Nd7 18.f4
exf3 19.Qxf5 Bxf5 20.Bxf3 Bg6 21.Bd4 1/2-1/2

[Event "Phillips & Drew Kings"]
[Site "London ENG"]
[Date "1980.04.11"]
[EventDate "1980.04.10"]
[Round "2"]
[Result "0-1"]
[White "Short, Nigel David"]
[Black "Kortschnoj, Viktor"]
[WhiteElo "2360"]
[BlackElo "2695"]
[PlyCount "72"]

1. e4 e5 2. Nf3 Nc6 3. Bb5 a6 4. Ba4 Nf6 5. d4 Nxd4 6. Nxd4
exd4 7. e5 Ne4 8. Qxd4 Nc5 9. Nc3 Be7 10. Qg4 Kf8 11. O-O d5
12. Qd4 c6 13. Bb3 h5 14. Ne2 Bf5 15. Be3 Nxb3 16. cxb3 c5
17. Qd1 d4 18. Bf4 g5 19. Bc1 h4 20. Re1 Qd5 21. Nc3 Qc6
22. Nb1 g4 23. Bf4 h3 24. f3 Rg8 25. g3 gxf3 26. Kf2 Rg4
27. Rg1 Rxf4 28. gxf4 Bh4+ 29. Rg3 Bxg3+ 30. hxg3 Qe4 31. Qxf3
Qc2+ 32. Qe2 d3 33. Qd2 Ke7 34. Kg1 h2+ 35. Kxh2 Rh8+ 36. Kg1
Be4 0-1

[Event "Phillips & Drew Kings"]
[Site "London ENG"]
[Date "1980.04.11"]
[EventDate "1980.04.10"]
[Round "2"]
[Result "1/2-1/2"]
[White "Ljubojevic, Ljubomir"]
[Black "Gheorghiu, Florin"]
[WhiteElo "2590"]
[BlackElo "2605"]
[PlyCount "83"]

1.e4 c5 2.Nf3 e6 3.d4 cxd4 4.Nxd4 a6 5.Bd3 Nf6 6.O-O d6 7.c4
Be7 8.Nc3 O-O 9.Be3 Nbd7 10.Rc1 Re8 11.a3 Bf8 12.Bb1 b6 13.Qe2
Bb7 14.Rfd1 Rc8 15.Bg5 Qc7 16.Ba2 Qb8 17.f3 d5 18.Bxf6 Nxf6
19.e5 Nh5 20.g4 Nf4 21.Qe3 f6 22.cxd5 fxe5 23.Nxe6 Rxe6 24.d6
Bxd6 25.b4 Kh8 26.Bxe6 Nxe6 27.Ne4 Rxc1 28.Rxc1 Nd4 29.f4 Be7
30.Rd1 Qa8 31.Nf2 Bh4 32.fxe5 Nf3+ 33.Kg2 Nxe5 34.Kf1 Qf8
35.Rd4 h6 36.g5 Qf5 37.Rxh4 Qb1+ 38.Ke2 Bf3+ 39.Kd2 Qb2+
40.Ke1 Qb1+ 41.Kd2 Qb2+ 42.Ke1 1/2-1/2

[Event "Phillips & Drew Kings"]
[Site "London ENG"]
[Date "1980.04.11"]
[EventDate "1980.04.10"]
[Round "2"]
[Result "1/2-1/2"]
[White "Timman, Jan"]
[Black "Miles, Anthony John"]
[WhiteElo "2600"]
[BlackElo "2545"]
[PlyCount "49"]

1.e4 c5 2.Nf3 d6 3.d4 cxd4 4.Nxd4 Nf6 5.Nc3 g6 6.Be3 Bg7 7.f3
O-O 8.Qd2 Nc6 9.O-O-O Nxd4 10.Bxd4 Be6 11.Kb1 Qc7 12.Bb5 Qa5
13.Ba4 b5 14.Bb3 b4 15.Nd5 Bxd5 16.exd5 Qb5 17.Rhe1 a5 18.Qe2
Qxe2 19.Rxe2 a4 20.Bc4 Rfc8 21.b3 Rc7 22.Bb5 axb3 23.cxb3 Ra5
24.Bc4 Rb7 25.Bf2 1/2-1/2

[Event "Phillips & Drew Kings"]
[Site "London ENG"]
[Date "1980.04.12"]
[EventDate "1980.04.10"]
[Round "3"]
[Result "1/2-1/2"]
[White "Kortschnoj, Viktor"]
[Black "Timman, Jan"]
[WhiteElo "2695"]
[BlackElo "2600"]
[PlyCount "83"]

1. d4 Nf6 2. c4 e6 3. Nf3 b6 4. Nc3 Bb4 5. Bg5 Bb7 6. e3 h6
7. Bh4 g5 8. Bg3 Ne4 9. Qc2 Bxc3+ 10. bxc3 d6 11. Bd3 f5
12. a4 h5 13. h4 g4 14. Nd2 Nxd2 15. Kxd2 Bxg2 16. Rhg1 Bf3
17. d5 Qf6 18. a5 Ke7 19. axb6 cxb6 20. dxe6 Kxe6 21. Qb3 Ke7
22. Qb5 Nd7 23. Ra2 Rhf8 24. Rga1 a5 25. Bf4 Qxh4 26. Bxf5 Nc5
27. Bxd6+ Kxd6 28. Qxb6+ Bc6 29. Rd1 Rxf5 30. Kc1+ Ke7
31. Qxc6 Re8 32. Rxa5 Qf6 33. Ra7+ Kf8 34. Qxf6+ Rxf6 35. Rd5
Re5 36. Rd8+ Re8 37. Rd5 Nb3+ 38. Kc2 Rb8 39. Rxh5 Rxf2+
40. Kd1 Rd8+ 41. Ke1 Rf7 42. Rxf7+ 1/2-1/2

[Event "Phillips & Drew Kings"]
[Site "London ENG"]
[Date "1980.04.12"]
[EventDate "1980.04.10"]
[Round "3"]
[Result "0-1"]
[White "Miles, Anthony John"]
[Black "Sosonko, Gennadi"]
[WhiteElo "2545"]
[BlackElo "2545"]
[PlyCount "113"]

1.Nf3 c5 2.g3 Nc6 3.Bg2 d5 4.d4 Nf6 5.O-O Bg4 6.dxc5 e5 7.c4
Bxc5 8.Qa4 O-O 9.cxd5 Qxd5 10.Nc3 Qe6 11.Ng5 Qe7 12.Nce4 Nd4
13.Nxc5 Qxc5 14.Be3 Bxe2 15.Rfe1 Bb5 16.Qa5 b6 17.Qd2 Rad8
18.Rac1 Ne2+ 19.Rxe2 Rxd2 20.Bxc5 Bxe2 21.Bxf8 Kxf8 22.Nf3
Rxb2 23.Nxe5 Ng4 24.Nc6 Rxa2 25.h3 Nf6 26.Nb4 Ra4 27.Rc8+ Ke7
28.Nc6+ Kd6 29.Rd8+ Kc7 30.Ra8 Bb5 31.Ne5 Be8 32.g4 g5 33.h4
h6 34.hxg5 hxg5 35.f4 Rxf4 36.Rxa7+ Kd6 37.Nxf7+ Bxf7 38.Rxf7
Ke6 39.Rb7 Rb4 40.Bf3 Ke5 41.Rg7 Kf4 42.Kf2 Rb2+ 43.Be2 Ke5
44.Ke1 Ne4 45.Bd3 Nd6 46.Re7+ Kd4+ 47.Bh7 Rh2 48.Bf5 b5 49.Rd7
Ke3 50.Re7+ Kf4+ 51.Bd3 Kxg4 52.Re5 Rb2 53.Rd5 Nc4 54.Rc5 Kh4
55.Bxc4 bxc4 56.Rxc4+ g4 57.Kf1 0-1

[Event "Phillips & Drew Kings"]
[Site "London ENG"]
[Date "1980.04.12"]
[EventDate "1980.04.10"]
[Round "3"]
[Result "1-0"]
[White "Gheorghiu, Florin"]
[Black "Short, Nigel David"]
[WhiteElo "2605"]
[BlackElo "2360"]
[PlyCount "53"]

1.d4 e6 2.Nf3 f5 3.g3 b6 4.d5 Bb7 5.dxe6 dxe6 6.Qxd8+ Kxd8
7.Bg2 Bd6 8.O-O Nd7 9.b3 Ngf6 10.Bb2 Ke7 11.Nbd2 Bd5 12.Rfe1
Rae8 13.Nd4 c5 14.Nc6+ Bxc6 15.Bxc6 Rc8 16.Bxd7 Kxd7 17.e4 Be7
18.Rad1 Rhe8 19.Nc4 Kc7 20.Bxf6 gxf6 21.exf5 exf5 22.Ne3 Bd6
23.Nxf5 Be5 24.f4 Bc3 25.Re7+ Rxe7 26.Nxe7 Bd4+ 27.Rxd4 1-0

[Event "Phillips & Drew Kings"]
[Site "London ENG"]
[Date "1980.04.12"]
[EventDate "1980.04.10"]
[Round "3"]
[Result "1/2-1/2"]
[White "Stean, Michael Francis"]
[Black "Sax, Gyula"]
[WhiteElo "2530"]
[BlackElo "2570"]
[PlyCount "102"]

1.c4 e5 2.Nc3 Nf6 3.Nf3 Nc6 4.g3 Bb4 5.Nd5 e4 6.Nh4 Bc5 7.Bg2
d6 8.O-O Be6 9.Nxf6+ Qxf6 10.Bxe4 Bxc4 11.Qa4 d5 12.d3 a6
13.Bg2 Bb5 14.Qb3 O-O-O 15.Nf3 Ne5 16.Bf4 Nxf3+ 17.Bxf3 g5
18.Bd2 Bc6 19.Rac1 Bd4 20.Rc2 h5 21.Qb4 Bb6 22.h4 gxh4 23.Qxh4
Qxh4 24.gxh4 Bd4 25.Bf4 f6 26.Kh2 Be5 27.Bg3 Rde8 28.Rg1 d4
29.Bxc6 bxc6 30.Bxe5 Rxe5 31.Rg6 Rhe8 32.Rxf6 Rxe2 33.Rfxc6
Rxc2 34.Rxc2 Re1 35.Kg2 Rd1 36.Rc5 Rxd3 37.Rxh5 Rd2 38.Rd5 c6
39.Rc5 Kc7 40.Rc4 Kd6 41.b4 d3 42.h5 Kd5 43.Rc5+ Kd4 44.Rxc6
Rxa2 45.h6 Re2 46.Rxa6 d2 47.Rd6+ Kc3 48.h7 Re8 49.Kf3 Rh8
50.Ke3 Re8+ 51.Kf4 Rh8 1/2-1/2

[Event "Phillips & Drew Kings"]
[Site "London ENG"]
[Date "1980.04.13"]
[EventDate "1980.04.10"]
[Round "4"]
[Result "1/2-1/2"]
[White "Sosonko, Gennadi"]
[Black "Kortschnoj, Viktor"]
[WhiteElo "2545"]
[BlackElo "2695"]
[PlyCount "82"]

1. d4 Nf6 2. c4 e6 3. Nf3 c5 4. g3 cxd4 5. Nxd4 Qc7 6. Nc3 a6
7. Bg2 Be7 8. Qd3 Nc6 9. b3 O-O 10. O-O d6 11. Bb2 Bd7 12. Ne4
Ne5 13. Qd2 Rad8 14. Nxf6+ Bxf6 15. Rac1 Rfe8 16. Rfd1 Bc8
17. Nf3 Nxf3+ 18. Bxf3 Bxb2 19. Qxb2 Bd7 20. Qd2 Bc6 21. Rc3
Rd7 22. Rd3 Red8 23. Qc3 h6 24. a4 Bxf3 25. Rxf3 Rc8 26. Qd2
a5 27. Rd3 Rcd8 28. e4 Qc5 29. h4 Kf8 30. Kg2 b6 31. Rd4 Ke7
32. Qe2 g6 33. f4 h5 34. Qf3 f5 35. exf5 Qxf5 36. Re1 d5
37. Re5 Qg4 38. Rg5 Qxf3+ 39. Kxf3 dxc4 40. Rxd7+ Rxd7
41. bxc4 Kf6 1/2-1/2

[Event "Phillips & Drew Kings"]
[Site "London ENG"]
[Date "1980.04.13"]
[EventDate "1980.04.10"]
[Round "4"]
[Result "0-1"]
[White "Nunn, John Denis Martin"]
[Black "Miles, Anthony John"]
[WhiteElo "2515"]
[BlackElo "2545"]
[PlyCount "78"]

1.e4 c5 2.Nf3 d6 3.d4 cxd4 4.Nxd4 Nf6 5.Nc3 g6 6.Be3 Bg7 7.f3
O-O 8.Qd2 Nc6 9.Bc4 Bd7 10.O-O-O Rc8 11.Bb3 Ne5 12.h4 h5
13.Bg5 Rc5 14.Rhe1 b5 15.f4 Nc4 16.Bxc4 Rxc4 17.Bxf6 Bxf6
18.e5 Bg7 19.Ncxb5 Qb8 20.Nc3 dxe5 21.fxe5 Bg4 22.Qd3 Rc5
23.Nf3 Bxf3 24.Qxf3 Bxe5 25.Rd3 Rfc8 26.Rf1 Bf6 27.Rd5 Rxd5
28.Qxd5 Qb4 29.a3 Qb6 30.Nd1 Rd8 31.Qf3 Qe6 32.g3 Qa2 33.c3
Bg7 34.Rf2 Bh6+ 35.Kc2 Rb8 36.Rf1 Qb3+ 37.Kb1 Rd8 38.g4 hxg4
39.Qxg4 Rd2 0-1

[Event "Phillips & Drew Kings"]
[Site "London ENG"]
[Date "1980.04.13"]
[EventDate "1980.04.10"]
[Round "4"]
[Result "0-1"]
[White "Short, Nigel David"]
[Black "Andersson, Ulf"]
[WhiteElo "2360"]
[BlackElo "2590"]
[PlyCount "136"]

1.e4 c5 2.c3 d5 3.exd5 Qxd5 4.d4 e6 5.Nf3 Nf6 6.Bd3 Be7 7.O-O
O-O 8.Qe2 Nc6 9.dxc5 Qxc5 10.Nbd2 Rd8 11.Rd1 Bd7 12.Nf1 Qb6
13.Ng3 Be8 14.Bg5 Qc7 15.b4 h6 16.Bd2 Bf8 17.a3 a5 18.Rab1
axb4 19.axb4 Ra3 20.b5 Nb4 21.b6 Qc8 22.Bb5 Bxb5 23.Qxb5 Nc6
24.Be1 Rxd1 25.Rxd1 Ra5 26.Qe2 Ra6 27.c4 Rxb6 28.Bc3 Be7
29.Ne4 Nxe4 30.Qxe4 Ra6 31.g3 Bf8 32.h4 Ra4 33.Rb1 Ra3 34.Qc2
Ne7 35.Nd2 Nf5 36.Qb2 Qc5 37.Kg2 Qc6+ 38.Kh2 Qc5 39.Kg2 Qd6
40.Bb4 Qc6+ 41.Kh2 Bxb4 42.Qxb4 Rd3 43.Rb3 Rd7 44.Nf3 Qe4
45.Qb5 Rc7 46.c5 Kh7 47.Rc3 Ne7 48.Qb3 Nd5 49.Rc4 Qe2 50.Rc2
Qd1 51.Nd2 f5 52.Qb2 Nf6 53.Kg2 Rd7 54.Nf3 Rd3 55.Ne5 Rd5
56.Rc1 Qa4 57.Rc4 Qa5 58.Nf3 Qa6 59.Rb4 Rd1 60.Rb5 Ne4 61.Qe2
Rb1 62.Rb2 Rxb2 63.Qxb2 Qc6 64.Ne5 Qxc5 65.Nd3 Qd6 66.Ne5 Qd5
67.Kg1 b5 68.h5 Nf6 0-1

[Event "Phillips & Drew Kings"]
[Site "London ENG"]
[Date "1980.04.13"]
[EventDate "1980.04.10"]
[Round "4"]
[Result "1/2-1/2"]
[White "Timman, Jan"]
[Black "Gheorghiu, Florin"]
[WhiteElo "2600"]
[BlackElo "2605"]
[PlyCount "55"]

1.d4 Nf6 2.c4 c5 3.d5 g6 4.Nc3 d6 5.e4 Bg7 6.Nf3 O-O 7.h3 e6
8.Bd3 Na6 9.Be3 exd5 10.exd5 Nc7 11.a4 Nh5 12.O-O f5 13.Bg5
Bf6 14.Bh6 Bg7 15.Qd2 Re8 16.Rfe1 Rxe1+ 17.Rxe1 Bd7 18.Bxg7
Nxg7 19.Qh6 Nce8 20.Nb5 Bxb5 21.axb5 Nf6 22.Qd2 a6 23.bxa6
Rxa6 24.Ng5 Ra8 25.b4 b6 26.bxc5 bxc5 27.Rb1 Qe7 28.Re1
1/2-1/2

[Event "Phillips & Drew Kings"]
[Site "London ENG"]
[Date "1980.04.13"]
[EventDate "1980.04.10"]
[Round "4"]
[Result "1/2-1/2"]
[White "Stean, Michael Francis"]
[Black "Larsen, Bent"]
[WhiteElo "2530"]
[BlackElo "2585"]
[PlyCount "84"]

1.c4 g6 2.e4 Bg7 3.d4 d6 4.Nc3 e5 5.Nf3 Bg4 6.d5 h5 7.Be2 Bh6
8.O-O Nd7 9.Ne1 Bxe2 10.Qxe2 Bxc1 11.Rxc1 Ngf6 12.Nd3 O-O
13.b4 Qe7 14.Rc2 Rfc8 15.Rfc1 c5 16.dxc6 bxc6 17.b5 c5 18.Nb2
a6 19.a4 Nf8 20.Nd5 Nxd5 21.cxd5 axb5 22.axb5 Nd7 23.Nc4 Rcb8
24.Rb1 Nb6 25.Ra2 Rxa2 26.Qxa2 Nxc4 27.Qxc4 Qa7 28.h4 Qa5
29.g3 Kf8 30.Kg2 Ke7 31.Qb3 Rb6 32.Rb2 Kf8 33.Rb1 Kg7 34.Rb2
Qa8 35.Ra2 Rxb5 36.Rxa8 Rxb3 37.Ra6 Rd3 38.Rxd6 c4 39.Rc6 c3
40.Rc8 f5 41.exf5 gxf5 42.d6 Rxd6 1/2-1/2

[Event "Phillips & Drew Kings"]
[Site "London ENG"]
[Date "1980.04.15"]
[EventDate "1980.04.10"]
[Round "5"]
[Result "1-0"]
[White "Kortschnoj, Viktor"]
[Black "Nunn, John Denis Martin"]
[WhiteElo "2695"]
[BlackElo "2515"]
[PlyCount "79"]

1. d4 Nf6 2. c4 c5 3. d5 e6 4. Nc3 exd5 5. cxd5 d6 6. e4 g6
7. Bf4 a6 8. a4 Bg7 9. Nf3 Bg4 10. Be2 O-O 11. O-O Re8 12. Nd2
Bxe2 13. Qxe2 Nh5 14. Be3 Nd7 15. a5 Bd4 16. g4 Nhf6 17. f3 b5
18. axb6 Nxb6 19. Nd1 Nbxd5 20. exd5 Nxd5 21. Nc4 f5 22. f4
fxg4 23. Ra3 Nxe3 24. Ncxe3 Qd7 25. Qg2 h5 26. Kh1 Qe6 27. f5
gxf5 28. Nxf5 Rf8 29. Raf3 Kh8 30. Rf4 Be5 31. R4f2 Ra7
32. Nde3 Raf7 33. Qe4 Qg6 34. Nc4 Bxh2 35. Nfxd6 Rxf2 36. Qxg6
Rxf1+ 37. Kxh2 g3+ 38. Kh3 g2 39. Qxh5+ Kg7 40. Kxg2 1-0

[Event "Phillips & Drew Kings"]
[Site "London ENG"]
[Date "1980.04.15"]
[EventDate "1980.04.10"]
[Round "5"]
[Result "1-0"]
[White "Ljubojevic, Ljubomir"]
[Black "Short, Nigel David"]
[WhiteElo "2590"]
[BlackElo "2360"]
[PlyCount "77"]

1.c4 c5 2.Nf3 Nc6 3.Nc3 g6 4.d4 cxd4 5.Nxd4 Bg7 6.Nb3 d6 7.e4
a5 8.Na4 Nf6 9.f3 Be6 10.Be3 O-O 11.Be2 Nd7 12.Rc1 Rc8 13.Nc3
Nb6 14.Nd2 Nd4 15.b3 f5 16.f4 Nd7 17.Bd3 Nc5 18.Bb1 b5 19.cxb5
fxe4 20.Ncxe4 Nxe4 21.Nxe4 Rxc1 22.Qxc1 a4 23.Qd2 Nxb5 24.O-O
Qa8 25.Ng5 Bf5 26.Bxf5 Rxf5 27.Rc1 axb3 28.axb3 Bf6 29.g4 Rd5
30.Rc8+ Qxc8 31.Qxd5+ Kh8 32.Qxb5 Qxg4+ 33.Kf2 Qh4+ 34.Kf3
Bxg5 35.Qxg5 Qh3+ 36.Ke4 Qe6+ 37.Kd4 Qxb3 38.Qxe7 Qd1+ 39.Kc4
1-0

[Event "Phillips & Drew Kings"]
[Site "London ENG"]
[Date "1980.04.15"]
[EventDate "1980.04.10"]
[Round "5"]
[Result "1/2-1/2"]
[White "Gheorghiu, Florin"]
[Black "Sosonko, Gennadi"]
[WhiteElo "2605"]
[BlackElo "2545"]
[PlyCount "31"]

1. c4 c5 2. Nf3 Nc6 3. d4 cxd4 4. Nxd4 Nf6 5. Nc3 e6 6. e4 Bb4
7. Nxc6 bxc6 8. Bd3 e5 9. Bd2 Be7 10. Qe2 d6 11. c5 dxc5
12. Rc1 Be6 13. b3 Qd4 14. Be3 Qb4 15. Bd2 Qd4 16. Be3 1/2-1/2

[Event "Phillips & Drew Kings"]
[Site "London ENG"]
[Date "1980.04.16"]
[EventDate "1980.04.10"]
[Round "6"]
[Result "1/2-1/2"]
[White "Timman, Jan"]
[Black "Ljubojevic, Ljubomir"]
[WhiteElo "2600"]
[BlackElo "2590"]
[PlyCount "67"]

1.e4 c5 2.Nf3 d6 3.d4 cxd4 4.Nxd4 Nf6 5.Nc3 a6 6.Bg5 e6 7.f4
Qb6 8.Qd2 Qxb2 9.Rb1 Qa3 10.f5 Nc6 11.fxe6 fxe6 12.Nxc6 bxc6
13.e5 dxe5 14.Bxf6 gxf6 15.Ne4 Be7 16.Be2 h5 17.Rb3 Qa4
18.Nxf6+ Bxf6 19.c4 Ra7 20.O-O Rd7 21.Qc3 Bg7 22.Ra3 e4
23.Qxg7 Rxg7 24.Rxa4 Rg5 25.Rf4 Re5 26.Ra3 Ke7 27.Kf2 h4
28.Ke3 Rg5 29.Rg4 Rxg4 30.Bxg4 e5 31.Bxc8 Rxc8 32.Kxe4 Rg8
33.g3 Ke6 34.Kf3 1/2-1/2

[Event "Phillips & Drew Kings"]
[Site "London ENG"]
[Date "1980.04.16"]
[EventDate "1980.04.10"]
[Round "6"]
[Result "0-1"]
[White "Stean, Michael Francis"]
[Black "Miles, Anthony John"]
[WhiteElo "2530"]
[BlackElo "2545"]
[PlyCount "62"]

1.c4 b6 2.d4 Bb7 3.Nc3 e6 4.a3 f5 5.d5 Nf6 6.g3 Bc5 7.Bg2 O-O
8.Nh3 a5 9.O-O Na6 10.b3 Qe8 11.Bb2 e5 12.e4 Qg6 13.Qc2 Ng4
14.exf5 Rxf5 15.Be4 Raf8 16.Kg2 Rxf2+ 17.Rxf2 Ne3+ 18.Kh1 Nxc2
19.Rxf8+ Bxf8 20.Bxg6 Nxa1 21.Bxh7+ Kxh7 22.Bxa1 Nc5 23.Nd1
Nxb3 24.Bxe5 Nd2 25.Bxc7 Nxc4 26.Nc3 Bxa3 27.Ng5+ Kg6 28.Nge4
b5 29.Nxb5 Bxd5 30.Nc3 Ne3 31.Kg1 Bb4 0-1

[Event "Phillips & Drew Kings"]
[Site "London ENG"]
[Date "1980.04.16"]
[EventDate "1980.04.10"]
[Round "6"]
[Result "1/2-1/2"]
[White "Sosonko, Gennadi"]
[Black "Andersson, Ulf"]
[WhiteElo "2545"]
[BlackElo "2590"]
[PlyCount "31"]

1. d4 Nf6 2. c4 e6 3. Nf3 b6 4. g3 Bb4+ 5. Bd2 Bxd2+ 6. Qxd2
Ba6 7. b3 c6 8. Bg2 d5 9. Qb2 Nbd7 10. Nbd2 O-O 11. O-O c5
12. Rfd1 Bb7 13. Ne5 cxd4 14. Qxd4 Nxe5 15. Qxe5 Qb8 16. Qxb8
1/2-1/2

[Event "Phillips & Drew Kings"]
[Site "London ENG"]
[Date "1980.04.16"]
[EventDate "1980.04.10"]
[Round "6"]
[Result "1-0"]
[White "Larsen, Bent"]
[Black "Browne, Walter Shawn"]
[WhiteElo "2585"]
[BlackElo "2540"]
[PlyCount "81"]

1.c4 c5 2.Nf3 Nf6 3.Nc3 e6 4.g3 b6 5.Bg2 Bb7 6.O-O Be7 7.d4
cxd4 8.Qxd4 d6 9.Rd1 a6 10.b3 Nbd7 11.Bb2 O-O 12.e4 Re8 13.h3
Rc8 14.Qe3 Qc7 15.Ne1 Qb8 16.Nd3 Qa8 17.Re1 Bc6 18.Qe2 Nc5
19.Nxc5 dxc5 20.Rad1 b5 21.f4 bxc4 22.Qxc4 Nd7 23.Qe2 c4
24.bxc4 Nb6 25.Rc1 Bb4 26.Red1 f5 27.Ba1 Bb7 28.Rb1 Bc5+
29.Kh1 Bc6 30.Rd2 Qa7 31.a4 Nxa4 32.Nxa4 Bxa4 33.exf5 Rb8
34.Rxb8 Qxb8 35.Rb2 Qd6 36.Rb7 exf5 37.Be5 Rxe5 38.fxe5 Qd4
39.Rb8+ Kf7 40.Qh5+ Ke7 41.Qg5+ 1-0

[Event "Phillips & Drew Kings"]
[Site "London ENG"]
[Date "1980.04.16"]
[EventDate "1980.04.10"]
[Round "6"]
[Result "1-0"]
[White "Nunn, John Denis Martin"]
[Black "Gheorghiu, Florin"]
[WhiteElo "2515"]
[BlackElo "2605"]
[PlyCount "67"]

1.e4 c5 2.Nf3 e6 3.d4 cxd4 4.Nxd4 a6 5.c4 Nf6 6.Nc3 d6 7.Be2
Be7 8.O-O O-O 9.f4 Qc7 10.Be3 Re8 11.Qe1 Bf8 12.Qh4 b6 13.Rae1
Nbd7 14.Bd3 Bb7 15.Bc2 g6 16.e5 Nh5 17.exd6 Bxd6 18.f5 Ne5
19.fxe6 fxe6 20.Ne4 Nxc4 21.Nxd6 Qxd6 22.Bh6 e5 23.Nf5 Qd5
24.Rf2 Qc5 25.Bd1 Bc8 26.b4 Qxb4 27.Ne7+ Kh8 28.Ref1 Be6
29.Bxh5 Qxe7 30.Rf8+ Qxf8 31.Bxf8 Rxf8 32.Rxf8+ Rxf8 33.Qe7
Rf4 34.g3 1-0

[Event "Phillips & Drew Kings"]
[Site "London ENG"]
[Date "1980.04.17"]
[EventDate "1980.04.10"]
[Round "7"]
[Result "1/2-1/2"]
[White "Kortschnoj, Viktor"]
[Black "Stean, Michael Francis"]
[WhiteElo "2695"]
[BlackElo "2530"]
[PlyCount "37"]

1. d4 Nf6 2. c4 e6 3. Nf3 b6 4. g3 Bb7 5. Bg2 Be7 6. O-O O-O
7. Nc3 Ne4 8. Nxe4 Bxe4 9. Ne1 Bxg2 10. Nxg2 d5 11. cxd5 Qxd5
12. Be3 Na6 13. Qa4 Qb7 14. Rfd1 Rfd8 15. Rac1 c5 16. dxc5
Nxc5 17. Qc2 Rdc8 18. Qb1 Ne4 19. f3 1/2-1/2

[Event "Phillips & Drew Kings"]
[Site "London ENG"]
[Date "1980.04.17"]
[EventDate "1980.04.10"]
[Round "7"]
[Result "1/2-1/2"]
[White "Ljubojevic, Ljubomir"]
[Black "Sosonko, Gennadi"]
[WhiteElo "2590"]
[BlackElo "2545"]
[PlyCount "59"]

1.e4 c5 2.Nf3 Nc6 3.d4 cxd4 4.Nxd4 e5 5.Nb5 a6 6.Nd6+ Bxd6
7.Qxd6 Qf6 8.Qd2 Nge7 9.b3 d6 10.Ba3 Bg4 11.c4 Nd4 12.Nc3 Bd7
13.Bd3 O-O 14.f3 b5 15.O-O Rab8 16.Nd5 Nxd5 17.cxd5 Qg6 18.Kh1
f5 19.Qb4 Rf6 20.Bb2 fxe4 21.fxe4 Rbf8 22.Bxd4 exd4 23.Qxd4
Rxf1+ 24.Rxf1 Rxf1+ 25.Bxf1 Qg5 26.Kg1 Kf7 27.g3 Ke7 28.b4 Qf6
29.Qd2 h6 30.Be2 1/2-1/2

[Event "Phillips & Drew Kings"]
[Site "London ENG"]
[Date "1980.04.17"]
[EventDate "1980.04.10"]
[Round "7"]
[Result "1-0"]
[White "Miles, Anthony John"]
[Black "Larsen, Bent"]
[WhiteElo "2545"]
[BlackElo "2585"]
[PlyCount "65"]

1.d4 Nf6 2.c4 d6 3.Nc3 e5 4.Nf3 Nbd7 5.e4 Be7 6.Be2 c6 7.O-O
a6 8.Nh4 g6 9.Bh6 Qb6 10.Nf3 Ng4 11.Bc1 O-O 12.h3 Ngf6 13.c5
Qc7 14.cxd6 Qxd6 15.Be3 Re8 16.Qc2 exd4 17.Bxd4 c5 18.Be3 Qc7
19.Rad1 b6 20.Qd2 Bb7 21.Bf4 Qc6 22.e5 Nh5 23.Bc4 Nf8 24.Bg5
Rad8 25.Nd5 Bxg5 26.Qxg5 Kg7 27.Nf4 Nxf4 28.Qxf4 Rd7 29.Rd6
Qc7 30.Qf6+ Kg8 31.Ng5 Rde7 32.e6 fxe6 33.Nxe6 1-0

[Event "Phillips & Drew Kings"]
[Site "London ENG"]
[Date "1980.04.17"]
[EventDate "1980.04.10"]
[Round "7"]
[Result "0-1"]
[White "Gheorghiu, Florin"]
[Black "Speelman, Jonathan Simon"]
[WhiteElo "2605"]
[BlackElo "2490"]
[PlyCount "75"]

1.d4 Nf6 2.c4 e6 3.Nf3 b6 4.Nc3 Bb4 5.Bg5 h6 6.Bh4 Bb7 7.e3 g5
8.Bg3 Ne4 9.Qc2 f5 10.Bd3 Bxc3+ 11.bxc3 d6 12.d5 exd5 13.cxd5
Bxd5 14.Nd4 Qf6 15.f3 Nc5 16.Bxf5 Nbd7 17.Nb5 O-O-O 18.Nxa7+
Kb7 19.Nb5 Rde8 20.O-O Bc4 21.Bxd7 Nxd7 22.Qa4 Bxb5 23.Qxb5
Nc5 24.e4 Qxc3 25.Rac1 Qa3 26.Rfd1 Ra8 27.Rc2 g4 28.e5 dxe5
29.fxg4 Rhd8 30.Rdc1 Rd2 31.Rxc5 Qe3+ 32.Kh1 Qxc5 33.Qxc5 bxc5
34.h4 Raxa2 35.Kh2 Rxg2+ 36.Kh3 Rgc2 37.Rxc2 Rxc2 38.h5 0-1

[Event "Phillips & Drew Kings"]
[Site "London ENG"]
[Date "1980.04.18"]
[EventDate "1980.04.10"]
[Round "8"]
[Result "1-0"]
[White "Larsen, Bent"]
[Black "Kortschnoj, Viktor"]
[WhiteElo "2585"]
[BlackElo "2695"]
[PlyCount "155"]

1. c4 c5 2. g3 g6 3. Bg2 Bg7 4. Nc3 Nc6 5. Nf3 e6 6. O-O Nge7
7. d3 d5 8. cxd5 exd5 9. Bg5 h6 10. Bxe7 Nxe7 11. d4 cxd4
12. Nxd4 O-O 13. e3 Nc6 14. Nxd5 Nxd4 15. exd4 Be6 16. Nf4 Bc4
17. Re1 Qxd4 18. Qc2 Rac8 19. Bxb7 Qxb2 20. Qxb2 Bxb2 21. Rab1
Bc3 22. Rec1 Bd2 23. Nxg6 fxg6 24. Rxc4 Rxc4 25. Bd5+ Kh8
26. Bxc4 Ba5 27. Kg2 Bb6 28. Rb2 g5 29. Re2 Rf6 30. f3 Rc6
31. Bb3 Kg7 32. Re4 Rd6 33. h4 Bd8 34. h5 Kf8 35. Rc4 Ke7
36. Kh3 Bb6 37. Re4+ Kf8 38. Re5 a5 39. Rf5+ Ke8 40. Ba4+ Ke7
41. Rb5 Bc7 42. Re5+ Re6 43. Rc5 Bd8 44. Bb3 Rd6 45. Rf5 Ke8
46. Bc2 Ke7 47. Re5+ Re6 48. Rc5 Rd6 49. Kg4 Kf6 50. Rf5+ Ke7
51. Re5+ Re6 52. Rc5 Rd6 53. Rc8 Ke6 54. Be4 Ke5 55. Rb8 Kd4
56. Rb7 Ke3 57. Kf5 Rf6+ 58. Ke5 Ra6 59. g4 a4 60. Rd7 Bf6+
61. Kd5 a3 62. Rd6 Ra5+ 63. Ke6 Bg7 64. Kf7 Ra7+ 65. Kg8 Kf4
66. Rg6 Be5 67. Rxh6 Rg7+ 68. Kf8 Rd7 69. Ra6 Rd2 70. Ra4 Kg3
71. Kf7 Rxa2 72. Kg6 Kh4 73. h6 Ra1 74. h7 a2 75. Kf7 Kg3
76. Kg8 Bf6 77. Ra8 Be5 78. Kf7 1-0